000 00478nam a22001697a 4500
005 20251108164126.0
008 250721s1995 xx 000 0 ara d
082 1 4 _a922.16/شرق
100 1 _aالشرقاوي، عبد الرحمن
245 1 0 _aأئمة الفقه التسعة /
264 1 _aالقاهرة :
_bدار غريب،
_c1995.
300 _a339ص
650 1 7 _aالتراجم
650 1 7 _aالفقهاء المسلمون
942 _2ddc
_cBK
999 _c4279
_d4279